ARRUPE JESUIT UNIVERSITY

CORONAVIRUS -STOP THE SPREAD - CLEAN,DISINFECT,COVER

The decolonization of Africa (Record no. 58761)

MARC details
000 -LEADER
fixed length control field 00644nam a2200229Ia 4500
003 - CONTROL NUMBER IDENTIFIER
control field 0100
008 - FIXED-LENGTH DATA ELEMENTS--GENERAL INFORMATION
fixed length control field 130303s9999 xx 000 0 und d
040 ## - CATALOGING SOURCE
Transcribing agency ARRUPELIB
050 ## - LIBRARY OF CONGRESS CALL NUMBER
Classification number DT31.B5 1995
300 ## - PHYSICAL DESCRIPTION
Other physical details 109p. 22 cm.
100 ## - MAIN ENTRY--PERSONAL NAME
Personal name Birmingham, David
245 #4 - TITLE STATEMENT
Title The decolonization of Africa
245 ## - TITLE STATEMENT
Remainder of title Introduction to history
260 ## - PUBLICATION, DISTRIBUTION, ETC. (IMPRINT)
Place of publication, distribution, etc London
260 ## - PUBLICATION, DISTRIBUTION, ETC. (IMPRINT)
Name of publisher, distributor, etc Routledge
260 ## - PUBLICATION, DISTRIBUTION, ETC. (IMPRINT)
-- 1995
300 ## - PHYSICAL DESCRIPTION
Extent viii
650 ## - SUBJECT ADDED ENTRY--TOPICAL TERM
Topical term following geographic name as entry element Chaucer, Geoffrey, d 1400 - Criticism and interpretation
650 ## - SUBJECT ADDED ENTRY--TOPICAL TERM
Location of event Chaucer, Geoffrey, d 1400 Troilus and Criseyde
650 ## - SUBJECT ADDED ENTRY--TOPICAL TERM
Active dates Civilization, Medieval - Classical influences
942 ## - ADDED ENTRY ELEMENTS (KOHA)
Source of classification or shelving scheme Library of Congress Classification
Koha issues (borrowed), all copies 2
Holdings
Withdrawn status Lost status Source of classification or shelving scheme Damaged status Not for loan Collection code Home library Current library Shelving location Date acquired Total Checkouts Full call number Barcode Date last seen Date checked out Copy number Price effective from Koha item type
    Library of Congress Classification     Main Collection ARRUPE LIBRARY ARRUPE LIBRARY   05/03/2013 5 DT31.B5 1995 46003090159 25/03/2024 26/02/2024 1 05/03/2013 Monograph ( Printed materials)

 

Arrupe Library. PO Box MP320 Mt Pleasant, Harare, Zimbabwe
263 242 745411|librarian@aju.ac.zw